000 00931nam a22002177a 4500
999 _c10964
_d10964
003 AR-CdUCM
008 190402b ||||| |||| 00| 0 spa d
040 _aMUNICIPALIDAD PROVINCIAL DEL CUSCO
_cBIBLIOTECA MUNICIPAL DEL CUSCO
082 _a193 /
_bM26 / 1959
100 _aMarx, Carlos y Engels, Federico
_928053
245 _aLa sagrada familia :
_bY otros escritos filosóficos de la primera época /
260 _aMéxico :
_bGrijalbo,
_c1959.
300 _a308 paginas ;
_c21 cm .
505 _aContenido : Carlos Marx : En torno a la critica de la filosofía del derecho, de Hegel, y otros ensayos -- Carlos Marx : Sobre la cuestión judía -- Carlos Marx : Critica de la dialéctica y la filosofía hegeliana en general ...
650 _aCarlos Marx
_95700
650 _aFederico Engels
_95701
650 _aFilosofía
_9395
700 _aRoces, Wenceslao ( Traductor)
_93529
942 _2ddc
_cLIBROS
945 _arah